000 00989cam a22002533a 4500
001 23565
003 PGUSA
005 20140828083513.0
008 071120s2007||||xxu|||||s|||||000 | eng d
040 _aPGUSA
_beng
042 _adc
050 4 _aE456
100 1 _aFrick, Jacob G.
245 1 0 _aRed-Tape and Pigeon-Hole Generals :
_bAs Seen From the Ranks During a Campaign in the Army of the Potomac
_h[electronic resource] /
_cJacob G. Frick
260 _bProject Gutenberg,
_c2007
500 _aProbable author is Henry Morford; variously attributed also to William H. Armstrong or Col. Jacob G. Frick.
506 _aPublic domain in the USA.
516 _aElectronic text
653 _aUnited States -- History -- Civil War, 1861-1865 -- Regimental histories -- Army of the Potomac
653 _aUnited States -- History -- Civil War, 1861-1865 -- Personal narratives
830 0 _aProject Gutenberg
_v23565
856 4 0 _uhttp://www.gutenberg.org/ebooks/23565
942 _cEB
999 _c252820
_d252820